000 00235nam a2200109Ia 4500
008 190216s9999||||xx |||||||||||||| ||und||
100 _aMenon M K
245 0 _aUthirmanikal
260 _bNull
650 _aEssay Malayalam
942 _cBK
999 _c25073
_d25073